| 000 | 00657atm a2200265 4500 | ||
|---|---|---|---|
| 005 | 20260423163015.0 | ||
| 008 | 150317b2010 xxu||||| |||| 00| 0 spa d | ||
| 020 | _a9789977643482 | ||
| 041 | _aESP | ||
| 082 | _a001.42 V455a | ||
| 100 | _aVenegas Jiménez, Pedro | ||
| 245 | _aAlgunos elementos de investigación | ||
| 260 | _aCosta Rica | ||
| 260 | _bEUNED | ||
| 260 | _c2010 | ||
| 300 | _a168 páginas | ||
| 490 | _aTemática General | ||
| 650 | _aMÉTODOS DE INVESTIGACIÓN | ||
| 650 | _aINVESTIGACIONES | ||
| 650 | _aMETODOLOGÍA | ||
| 650 | _aCIENCIAS SOCIALES | ||
| 650 | _aAPA | ||
| 650 | _aESTRUCTURA TÉCNICA | ||
| 942 |
_cBK _2ddc |
||
| 999 |
_c9161 _d9161 |
||